Nghệ thuật gói hoa tươi
Giới thiệu và hướng dẫn từng bước thực hiện cách bó hoa theo từng chủ đề tình cảm phong phú, muôn màu, muôn vẻ trong đời sống
Guardat en:
| Autor principal: | |
|---|---|
| Format: | Llibre |
| Idioma: | Undetermined |
| Publicat: |
Hà Nội
Mỹ Thuật
2004
|
| Matèries: | |
| Etiquetes: |
Afegir etiqueta
Sense etiquetes, Sigues el primer a etiquetar aquest registre!
|
| Thư viện lưu trữ: | Trung tâm Học liệu Trường Đại học Cần Thơ |
|---|
| LEADER | 00726nam a2200193Ia 4500 | ||
|---|---|---|---|
| 001 | CTU_96863 | ||
| 008 | 210402s9999 xx 000 0 und d | ||
| 082 | |a 745.923 | ||
| 082 | |b Th305 | ||
| 100 | |a Thiên Kim | ||
| 245 | 0 | |a Nghệ thuật gói hoa tươi | |
| 245 | 0 | |c Thiên Kim; Nguyễn Kim Dân dịch | |
| 260 | |a Hà Nội | ||
| 260 | |b Mỹ Thuật | ||
| 260 | |c 2004 | ||
| 520 | |a Giới thiệu và hướng dẫn từng bước thực hiện cách bó hoa theo từng chủ đề tình cảm phong phú, muôn màu, muôn vẻ trong đời sống | ||
| 650 | |a Flower arrangement | ||
| 904 | |i Trúc | ||
| 980 | |a Trung tâm Học liệu Trường Đại học Cần Thơ | ||